000 00557nam a2200181Ia 4500
003 GCL
008 140319s9999 xx 000 0 ara d
040 _aGCL /
_cGCL
082 0 4 _a227.6
_bم ت
100 1 _aمحمد بن صالح بن عثيمينى
245 1 0 _aتفسير اية الكرسى /
_cمحمد بن صالح بن عثيمينى
260 _a[S.N] :
_bمكتبة السنة للنشر والتوزيع
300 _a64 ص
490 _a
650 0 4 _aتفسير القران الكريم
650 0 4 _aالقران
942 _2ddc
_cBK
999 _c52548
_d52548